| 000 | 00571nam a22001937a 4500 | ||
|---|---|---|---|
| 003 | BD-DhJNU | ||
| 005 | 20250319044626.0 | ||
| 008 | 250319b |||||||| |||| 00| 0 eng d | ||
| 040 |
_aBD-DhJNU _beng _cBD-DhJNU _dBD-DhJNU |
||
| 082 |
_223 _a158.7 |
||
| 100 | _aGilmer, B. Von Haller | ||
| 245 |
_aIndustrial psychology / _cB. Von Haller Gilmer |
||
| 250 | _a2nd ed. | ||
| 260 |
_aLondon : _bMcGraw-Hill Book Company, _c1966. |
||
| 300 |
_a617 p. : _bill. ; _c24 cm. |
||
| 504 | _aincludes bibliographical reference and index | ||
| 650 | _aPsychology | ||
| 942 |
_2ddc _cBK _n0 |
||
| 999 |
_c1511 _d1511 |
||